Detalles MARC
| 000 -CABECERA |
| Longitud fija campo de control |
01314cam a2200373 a 4500 |
| 003 - • IDENTIFICADOR DELl NÚMERO DE CONTROL |
| Identificador del número de control |
CO-BoRNBP |
| 005 - • FECHA Y HORA DE LA ÚLTIMA TRANSACCIÓN |
| Fecha y hora de la última transacción |
20241003080334.0 |
| 007 - • CAMPO FIJO DE DESCRIPCIÓN FÍSICA |
| Campo fijo de descripción física |
ta |
| 008 - • CÓDIGOS DE INFORMACIÓN DE LONGITUD FIJA |
| Códigos de información de longitud fija |
000627s2000 ck df r 00010dspa d |
| 020 ## - • NÚMERO INTERNACIONAL NORMALIZADO PARA LIBROS |
| Número Internacional Normalizado para Libros (ISBN) |
9589058051 |
| 040 ## - FUENTE DE LA CATALOGACIÓN |
| Centro catalogador de origen |
la |
| Centro transcriptor |
la |
| 041 1# - • CÓDIGO DE LENGUA |
| Código de lengua del texto/banda sonora o título independiente |
spa |
| Código de lengua original |
ita |
| 082 04 - • NÚMERO DE LA CLASIFICACIÓN DECIMAL DEWEY |
| Número de clasificación (R) |
758.1 |
| Número del ítem |
A68c |
| Número de edición |
20 ed. |
| 100 1# - • PUNTO DE ACCESO PRINCIPAL-NOMBRE DE PERSONA |
| Nombre de persona |
Antei, Giorgio, |
| Fechas asociadas al nombre |
1946- |
| 245 10 - • TITULO PROPIAMENTE DICHO |
| Título |
Contra natura : |
| Resto del título |
el arte y la crisis de la naturaleza / |
| Mención de responsabilidad, etc. |
Giorgio Antei. |
| 250 ## - • MENCIÓN DE EDICIÓN |
| Mención de edición |
1a. edición |
| 300 ## - • DESCRIPCIÓN FÍSICA |
| Extensión |
238 p : |
| Otras características físicas |
il., cuadros, láminas ; |
| Dimensiones |
26 cm. |
| 336 ## - TIPO DE CONTENIDO |
| Fuente |
rdacontent |
| Término de tipo de contenido |
texto |
| Código de tipo de contenido |
txt |
| 337 ## - TIPO DE MEDIO |
| Fuente |
rdamedia |
| Nombre del tipo de medio |
sin mediación |
| Código del tipo de medio |
n |
| 338 ## - TIPO DE SOPORTE |
| Fuente |
rdacarrier |
| Nombre del tipo de soporte |
volumen |
| Código del tipo de soporte |
nc |
| 500 ## - • NOTA GENERAL |
| Nota general |
Incluye notas bibliográficas al final de cada capítulo. |
| 504 ## - • NOTA DE BIBLIOGRAFÍA, ETC |
| Nota de bibliografía, etc. |
Incluye bibliografía. |
| 534 ## - • Nota De Versión Original |
| Título |
Contro Natura. L'arte e la crisi del mondo naturale. |
| 650 #7 - • PUNTO DE ACCESO ADICIONAL DE MATERIA - TÉRMINO DE MATERIA |
| Término de materia o nombre geográfico como elemento inicial |
Pintura |
| Subdivisión de forma |
Colecciones. |
| Fuente del encabezamiento o término |
BLAAUTO |
| 650 #7 - • PUNTO DE ACCESO ADICIONAL DE MATERIA - TÉRMINO DE MATERIA |
| Término de materia o nombre geográfico como elemento inicial |
Naturaleza en el arte. |
| Fuente del encabezamiento o término |
BLAAUTO |
| 650 #7 - • PUNTO DE ACCESO ADICIONAL DE MATERIA - TÉRMINO DE MATERIA |
| Término de materia o nombre geográfico como elemento inicial |
Figura humana en el arte. |
| Fuente del encabezamiento o término |
BLAAUTO |
| 650 #7 - • PUNTO DE ACCESO ADICIONAL DE MATERIA - TÉRMINO DE MATERIA |
| Término de materia o nombre geográfico como elemento inicial |
Arte y mitología. |
| Fuente del encabezamiento o término |
BLAAUTO |
| 650 #7 - • PUNTO DE ACCESO ADICIONAL DE MATERIA - TÉRMINO DE MATERIA |
| Término de materia o nombre geográfico como elemento inicial |
Pintura |
| Subdivisión de materia general |
Historia y crítica. |
| Fuente del encabezamiento o término |
BLAAUTO |
| 700 12 - • PUNTO DE ACCESO ADICIONAL - NOMBRE DE PERSONA |
| Nombre de persona |
Lombana, Mónica, |
| Término indicativo de función |
tr. |
| 700 1# - • PUNTO DE ACCESO ADICIONAL - NOMBRE DE PERSONA |
| Nombre de persona |
Zea de Uribe, Gloria, |
| Fechas asociadas al nombre |
1935-2019, |
| Término indicativo de función |
traducción. |
| 830 #0 - • PUNTO DE ACCESO ADICIONAL DE SERIE - TÍTULO UNIFORME |
| Título uniforme |
Rodolfo Segovia-Colección |
| 942 ## - ENTRADA DE ELEMENTOS AGREGADOS (KOHA) |
| Fuente de clasificaión o esquema |
Dewey Decimal Classification |
| Koha [por defecto] tipo de item |
LIbro |
| 949 ## - TRATAMIENTO DE LA INFORMACIÓN LOCAL (OCLC) |
| a |
n |
| b |
n |